000 02728cam a2200481 4500
008 090401t1988 xxu||||| |||| 00| 0 eng d
020 _a0406227403
035 _a(Sirsi) u31572
041 0 _aeng
050 0 4 _a346.410434 $2 18
100 1 _aHill, Harold Arthur
245 0 0 _aHill and Redman's law of landlord and tenant
250 _a18th ed.
260 _aLondon
_bButterworths
_c1988
300 _a6
_fv. (loose-leaf)
_c25cm.
350 _a15.50
505 2 _aThe relationship of landlord and tenant -- Leases and agreements for leases -- Demised premises -- Assignment and devolution of leases -- Restrictions upon dealing with leases -- Rent -- Rent reviews -- Service charges -- Distress -- Liability for the physical condition of the demised property -- Rights and liabilities of the parties -- Effect of insolvency or receivership -- Options -- Determination of the tenancy -- Possession -- Value added tax -- Stamp duty
505 2 _aBusiness tenancies -- Private sector residential tenancies
505 2 _aPublic sector residential tenancies -- Long leases
505 2 _aAgricultural tenancies -- General precedents -- Commonhold
520 _aThis work covers matters related to tenancy law. It focuses on the landlord-tenant relationship including financial responsibilities, the extent of leases, liability for property condition and possession of property and land. Business tenancies, public sector residential tenancies and agricultural tenancies are all covered. Includes tables of statutes, statutory instruments and cases.
520 _aThis looseleaf is up-to-date as at August 2009. We have cancelled our subscription and will remove this title from our collection when it becomes out-of-date. Please ask a member of staff for more details.
651 4 _aEngland and Wales
_y1543-
690 _aPROPERTY-LANDLORD AND TENANT
700 1 _aFurber, John
_eGeneral Editor
700 1 _aBarnes, Michael
_eSpecialist Editor
700 1 _aClark, Wayne
_eSpecialist Editor
700 1 _aCole, Edward
_eSpecialist Editor
700 1 _aDilhorne, John Mervyn Manningham-Buller
_cViscount
_d1932-
700 1 _aHarper, Joseph
_eSpecialist Editor
700 1 _aHarry, Timothy
_eSpecialist Editor
700 1 _aKaras, Jonathan
_eSpecialist Editor
700 1 _aLamont, Camilla
_eSpecialist Editor
700 1 _aMale, John
_eSpecialist Editor
700 1 _aMatthews, Paul
_eSpecialist Editor
700 1 _aOakes, Alison
_eSpecialist Editor
700 1 _aTaggart, Nicholas
_eSpecialist Editor
700 1 _aMoss, Joanne R
_eConsultant Editor
700 1 _aAnderson, Charlie
_ePrecedents Editor
700 1 _aJessel, Christopher
_ePrecedents Editor
942 _n0
948 _c04/03/1997
999 _c89606
_d89606